<?xml version="1.0" encoding="UTF-8"?>
<collection xmlns="http://www.loc.gov/MARC21/slim">
 <record>
  <leader>00490nam a22001455a 4500</leader>
  <controlfield tag="001">EUN.um055088</controlfield>
  <controlfield tag="003">AR-BaUNS</controlfield>
  <controlfield tag="005">20050623122921.0</controlfield>
  <controlfield tag="008">041125s1983####ag#a##########000#0#spa#d</controlfield>
  <datafield tag="245" ind1="0" ind2="0">
   <subfield code="a">REVISTA de la Universidad :</subfield>
   <subfield code="b">edición extraordinaria dedicada a la Gesta de las Malvinas.</subfield>
  </datafield>
  <datafield tag="260" ind1=" " ind2=" ">
   <subfield code="a">La Plata :</subfield>
   <subfield code="b">Universidad nacional,</subfield>
   <subfield code="c">1983.</subfield>
  </datafield>
  <datafield tag="300" ind1=" " ind2=" ">
   <subfield code="a">263 p. :</subfield>
   <subfield code="b">ilus. ;</subfield>
   <subfield code="c">25,5 cm.</subfield>
  </datafield>
  <datafield tag="082" ind1="0" ind2="4">
   <subfield code="a">982.91</subfield>
  </datafield>
  <datafield tag="653" ind1=" " ind2=" ">
   <subfield code="a">Islas malvinas</subfield>
  </datafield>
  <datafield tag="859" ind1=" " ind2=" ">
   <subfield code="a">Ar-BaUNS</subfield>
   <subfield code="b">BIB. CENTRAL - Sector C</subfield>
   <subfield code="h">982.91</subfield>
   <subfield code="i">R327</subfield>
   <subfield code="p">90418/983</subfield>
  </datafield>
 </record>
</collection>
